25 Ways Not to Spell 'Hare' Quiz Stats

Quiz Updated Nov 7, 2015

Challenge
Share
Tweet
Embed
Score 0/25 Timer 02:00
0 Plays Today
% Correct
Care
97.7%
Bare
97.3%
Dare
96.7%
Mare
96%
Pare
95.4%
Fare
95.4%
Hire
95.3%
Here
95.1%
Tare
94.9%
Ware
94.5%
Rare
91.9%
Hate
90.8%
Hale
89.3%
% Correct
Yare
84.9%
Have
82.8%
Hard
82.3%
Hart
81.9%
Hade
81.9%
Harm
80.4%
Hame
79.4%
Harp
78.7%
Haze
77.3%
Hake
76.4%
Hark
75.9%
Harl
72.1%

You're not logged in!

Compare scores with friends on all Sporcle quizzes.
Sign Up with Email
OR
Log In

You Might Also Like...

Show Comments

Extras

Top Quizzes Today


Score Distribution

Your Account Isn't Verified!

In order to create a playlist on Sporcle, you need to verify the email address you used during registration. Go to your Sporcle Settings to finish the process.